000 00516nam a2200145Ia 4500
008 140724s9999 xx 000 0 und d
050 _aBF 698
_b.Or63 2012
100 _aOraa, Jericho Aaron B.
245 _aBurnout level stressors and coping mechanisms of first year Psychologyology students /
_cJericho Aaron B. Oraa.
260 _aLas PiƱas, Philippines :
_bSouthville International School and Colleges,
_cc2012.
300 _a39 p. :
_bill. ;
_c28 cm.
521 _aPsychology
942 _cTH
999 _c229170
_d229170